Malaysia : Who's contitution government & politics

Bibliographic Details
Format: Book
Published: Kuala Lumpur : Kasuya Managment , 2011
Subjects:

MARC

LEADER 00000cam a2200000 7i4500
001 0000003918
005 20111102.0
020 0 0 |a 9789839624076 
090 0 0 |a 320.092   |b MAS 2011 
245 1 0 |a Malaysia :   |b Who's contitution government & politics 
260 0 0 |a Kuala Lumpur :   |b Kasuya Managment ,   |c 2011 
300 |a 1749 p. ;   |c 27 cm. 
650 0 0 |a Government---Malaysia 
650 0 0 |a Politician---Malaysia. 
998 |a JPSM 
999 |a 007691   |b Monograph   |c Open Shelf   |e Default branch